Statistics for Guess the described Steam game

Click here to take the quiz!

General Stats

  • This quiz has been taken 16 times
  • The average score is 8 of 18

Answer Stats

HintAnswer% Correct
Game where you steal cars and live your life as a criminalGTA
92%
Game where you shoot portals in a labPortal
92%
Survival game on an ocean planetSubnautica
77%
Online PvP game made by Valve, there is a red and a bleu team.Team Fortress 2/TF2
69%
Survival game in a forest with mutated creaturesThe Forest
69%
Night shift in a pizza placeFive Nights at Freddy’s
54%
Cartoon game about betrayal in spaceAmong Us
46%
Game about a futuristic city, it’s full of bugsCyberpunk 2077
46%
Game where you build cities, there a many DLC’sCities Skylines
38%
Truck game through Europe (part 2)Euro Truck Simulator 2
38%
PvP game that never pauses, you have to loot and build basesRust
38%
Survival game on an arctic ocean planetSubnautica Below Zero
38%
Truck game through the USAAmerican Truck Simulator
31%
Realistic car crash sandbox gameBeamNG Drive
31%
Finnish game about car building and getting drunkMy Summer Car
31%
Hungarian game where you drive your car through a postapocalyptic world with zombie rabbitsThe Long Drive
15%
Survival game in the jungle with agressive tribesGreen Hell
8%
The Canadian version of the Finnish game aboveMon Bazou
8%

Score Distribution

Percentile by Number Answered

Percent of People with Each Score

Your Score History

You have not taken this quiz